000 00874nam a2200253 i 4500
001 8860
003 KOSZ 005
005 20210305092935.0
008 070719s1970 pl a f f 001 0 pol
015 _aPB 1970/7621
040 _aWA N
_cWA N
_dKOSZ 005/RW
080 _a547
100 1 _aMastalerz, Przemysław
_d(1925-2011)
_eAutor
245 1 0 _aMechanizmy reakcji w chemii organicznej /
_cPrzemysław Mastalerz.
260 _aWarszawa :
_bWydawnictwa Naukowo-Techniczne,
_c1970.
300 _a319, [1] s. :
_bil., err. ;
_c25 cm.
380 _aKsiążki.
504 _aBibliogr. s. 310-[311]. Indeks.
650 4 _aChemia organiczna
655 4 _aPodręcznik
710 2 _aWydawnictwa Naukowo-Techniczne
_4pbl.
856 _uhttp://koha.tu.koszalin.pl/cgi-bin/koha/opac-detail.pl?biblionumber=8860
_yKatalog online BPK
942 _2UKD
_cKS
999 _c8860
_d8860